[Event "24th Open"]
[Site "Pula CRO"]
[Date "2010.06.25"]
[Round "8"]
[White "Saric,A"]
[Black "Cop,T"]
[Result "1-0"]
[WhiteElo "2489"]
[BlackElo "2254"]
[EventDate "2010.06.19"]

1. Nf3 Nf6 2. g3 g6 3. b3 Bg7 4. Bb2 b5 5. Bg2 Bb7 6. O-O d6 7. Na3 a6 8.
c4 c6 9. d4 Nbd7 10. Nd2 Qb6 11. e4 O-O 12. e5 Ne8 13. Qg4 e6 14. exd6 Qa5
15. Qf4 e5 16. dxe5 b4 17. Nc2 Nxe5 18. Bd4 Nxd6 19. c5 Nd3 20. Qxd6 Rad8
21. Qe7 Bxd4 22. Nxd4 Rxd4 23. Nf3 Rd5 24. Qxb7 Qxc5 25. Qxa6 Re8 26. Qc4
Qb6 27. Qc2 1-0

[Event "24th Open"]
[Site "Pula CRO"]
[Date "2010.06.25"]
[Round "8"]
[White "Guenthner,O"]
[Black "Hamitevici,V"]
[Result "1-0"]
[WhiteElo "2270"]
[BlackElo "2421"]
[EventDate "2010.06.19"]

1. Nf3 Nf6 2. c4 e6 3. g3 d5 4. Bg2 Be7 5. O-O O-O 6. d3 c5 7. Na3 Nc6 8.
b3 a6 9. Bf4 Qa5 10. Qc1 b5 11. Nc2 Bb7 12. Ne5 Rfc8 13. a4 bxc4 14. bxc4
Nd8 15. Qe1 Qxe1 16. Raxe1 Bd6 17. Rb1 Bc7 18. Nf3 Bxf4 19. gxf4 Bc6 20. a5
dxc4 21. dxc4 Be4 22. Rb2 Nc6 23. Ne5 Nxa5 24. Ne3 Bxg2 25. Kxg2 Nc6 26.
Nxc6 Rxc6 27. Ra1 g6 28. Ra5 Ne4 29. Ng4 Rc7 30. Ne5 Rc6 31. Nd3 f6 32. Kf3
Nd6 33. Rxc5 Rxc5 34. Nxc5 Nxc4 35. Rc2 Nd6 36. Nxe6 a5 37. Ra2 a4 38. Nc5
a3 39. Ne4 Ne8 40. Nc3 Nd6 41. Ne4 Nxe4 42. Kxe4 Kf7 43. Kd3 Ke6 44. e3 Kf5
45. f3 g5 46. fxg5 Kxg5 47. Rg2+ Kh4 48. Ra2 h5 49. Ke4 Ra5 50. Kf4 Kh3 51.
e4 h4 52. Ke3 Ra6 53. Kf4 Ra5 54. Ke3 Rg5 55. Kf4 Rg2 56. Rxa3 Kxh2 57. Kf5
Rf2 58. Kg4 Kg2 59. f4 Re2 60. Kxh4 Rxe4 61. Kg4 Re6 62. Ra2+ Kf1 63. Kf5
Rb6 64. Kg6 f5+ 65. Kxf5 Rb8 66. Ke4 Rb4+ 67. Kf5 Rb8 68. Kg6 Rg8+ 69. Kf7
1-0

[Event "24th Open"]
[Site "Pula CRO"]
[Date "2010.06.25"]
[Round "8"]
[White "Stokke,K"]
[Black "Sevo,I"]
[Result "1-0"]
[WhiteElo "2399"]
[BlackElo "2238"]
[EventDate "2010.06.19"]

1. d4 Nf6 2. Nf3 g6 3. c4 Bg7 4. Nc3 c5 5. d5 d6 6. e4 O-O 7. h3 b5 8. cxb5
a6 9. a4 axb5 10. Bxb5 Ba6 11. Be3 Qa5 12. O-O Nbd7 13. Nd2 Bxb5 14. axb5
Qb4 15. Qb3 Qxb3 16. Nxb3 Ne5 17. Na5 Nfd7 18. Bg5 f6 19. Be3 Nb6 20. Nc6
Nec4 21. b3 Nxe3 22. fxe3 f5 23. Rxa8 Rxa8 24. Na4 Nd7 25. exf5 c4 26. Rf4
cxb3 27. Rb4 Nc5 28. b6 Nb7 29. fxg6 hxg6 30. Na7 Na5 31. b7 Nxb7 32. Rxb7
b2 33. Nxb2 Bxb2 34. Rxe7 Kf8 35. Rc7 Ba3 36. Nc6 Bc5 37. Nd4 Bxd4 38. exd4
Ra5 39. Kf2 Rxd5 40. Ke3 Rg5 41. g4 Ra5 42. h4 Ra3+ 43. Kf4 Rd3 44. Rc4 d5
45. Ra4 Kf7 46. Kg5 Rd1 47. Ra7+ Ke6 48. Ra6+ Ke7 49. Rxg6 Rxd4 50. h5 Kf7
51. Rf6+ Kg7 52. Rd6 Kh7 53. Rd7+ Kg8 54. h6 Kh8 55. Kh5 Re4 56. Rxd5 Re6
57. g5 Re8 58. g6 Ra8 59. Rf5 Rb8 60. g7+ 1-0

[Event "24th Open"]
[Site "Pula CRO"]
[Date "2010.06.25"]
[Round "8"]
[White "Feletar,D"]
[Black "Mihalincic,T"]
[Result "1/2-1/2"]
[WhiteElo "2390"]
[BlackElo "2232"]
[EventDate "2010.06.19"]

1. d4 d5 2. Nf3 Nf6 3. c4 e6 4. g3 dxc4 5. Bg2 Bb4+ 6. Bd2 Be7 7. Qa4+ c6
8. Qxc4 O-O 9. O-O Nbd7 10. Bb4 Re8 11. Rd1 Qc7 12. Nc3 Bxb4 13. Qxb4 Nd5
14. Qb3 Nxc3 15. Qxc3 Nb6 16. Rac1 f6 17. Qc2 Qe7 18. a3 Bd7 19. Qc5 Qf8
20. Qa5 Qe7 21. Qc5 Qf8 22. e3 Red8 23. Qa5 Qe7 24. h3 Be8 25. Ne1 Bf7 26.
Nd3 Nd5 27. Qc5 Qf8 28. Qc2 Qe7 29. Qe2 Nb6 30. Nc5 Rab8 31. Qc2 1/2-1/2

[Event "24th Open"]
[Site "Pula CRO"]
[Date "2010.06.25"]
[Round "8"]
[White "Nordenbaek,J"]
[Black "Molnar,Be"]
[Result "1/2-1/2"]
[WhiteElo "2215"]
[BlackElo "2340"]
[EventDate "2010.06.19"]

1. Nf3 g6 2. d4 Bg7 3. g3 Nf6 4. Bg2 O-O 5. c4 d6 6. O-O Nbd7 7. Nc3 e5 8.
e4 exd4 9. Nxd4 Re8 10. h3 Nc5 11. Re1 a5 12. Ndb5 Bd7 13. Bf4 Qc8 14. Kh2
a4 15. Rb1 Nh5 16. Bxd6 cxd6 17. Nxd6 Qc7 18. Nxe8 Rxe8 19. Nd5 Qb8 20. f4
b5 21. b4 Ne6 22. c5 Bc6 23. e5 Bxd5 24. Qxd5 Rd8 25. Qe4 Rd4 26. Qf3 Rd2
27. Re2 Rd4 28. Rbe1 1/2-1/2

[Event "24th Open"]
[Site "Pula CRO"]
[Date "2010.06.25"]
[Round "8"]
[White "Doric,N"]
[Black "Tutic,R"]
[Result "1/2-1/2"]
[WhiteElo "2320"]
[BlackElo "2195"]
[EventDate "2010.06.19"]

1. e4 c5 2. c3 d5 3. exd5 Qxd5 4. d4 e5 5. Nf3 Nc6 6. Nxe5 Nxe5 7. dxe5
Qxe5+ 8. Be2 Bg4 9. Be3 Bxe2 10. Qxe2 O-O-O 11. Nd2 Ne7 12. O-O-O Nd5 13.
Nc4 Qe6 14. Rhe1 Be7 15. Bd2 Qxe2 16. Rxe2 Bf6 17. Rde1 Kd7 18. Ne5+ Bxe5
19. Rxe5 Kc6 20. c4 Nc7 21. Re7 Rd7 22. Bc3 Ne6 23. Rxd7 Kxd7 24. Rd1+ Ke7
25. Be5 f6 26. Bc3 b6 27. Kc2 Rd8 28. Rxd8 Nxd8 29. Kd3 Ke6 30. Ke3 Nb7 31.
b3 1/2-1/2

[Event "24th Open"]
[Site "Pula CRO"]
[Date "2010.06.25"]
[Round "8"]
[White "Bajramovic,H"]
[Black "Djurovic,G"]
[Result "1-0"]
[WhiteElo "2211"]
[BlackElo "2318"]
[EventDate "2010.06.19"]

1. d4 Nf6 2. c4 e6 3. Nf3 c5 4. Nc3 cxd4 5. Nxd4 a6 6. e3 Qc7 7. Be2 d6 8.
O-O Nbd7 9. b3 Be7 10. Bb2 O-O 11. Rc1 Re8 12. Rc2 Bf8 13. Rd2 Rb8 14. Qc1
b6 15. Rfd1 Bb7 16. Bf3 Bxf3 17. Nxf3 b5 18. cxb5 axb5 19. Rc2 Rec8 20.
Rdd2 Qa5 21. Nd4 Nc5 22. a3 b4 23. axb4 Qxb4 24. Na2 Qb7 25. b4 Nce4 26.
Rxc8 Rxc8 27. Rc2 Ra8 28. Ba1 d5 29. Nc6 Qa6 30. h3 Nd7 31. Qb1 Nb6 32. b5
Qa4 33. Bd4 Nc4 34. Nc3 Nxc3 35. Rxc3 Na3 36. Qd3 Nxb5 37. Rb3 Nxd4 38.
Nxd4 Qc4 39. Qb1 Rc8 40. Kh2 h5 41. g3 h4 42. g4 g6 43. Kg2 Bg7 44. Nf3 Qe4
45. Qxe4 dxe4 46. Ng5 Be5 47. Rb5 Bf6 48. Nxe4 Be7 49. Rb7 Kf8 50. g5 Rc1
51. Rb8+ Kg7 52. Re8 Rc7 53. Kf3 Ra7 54. Kf4 Rb7 55. Kg4 Rb4 56. f3 Bf8 57.
Rc8 Bd6 58. Kxh4 Be5 59. Rc5 Bd6 60. Rc6 Be5 61. Kg4 Rb3 62. Rc5 Bb2 63.
Rc2 Be5 64. Re2 Rb4 65. h4 Ra4 66. h5 gxh5+ 67. Kxh5 Ra3 68. f4 Bc7 69. Kg4
Bb6 70. Kf3 Kg6 71. Nd6 Rc3 72. Ke4 Bc5 73. Ne8 Bb6 74. Nf6 Ra3 75. Ng4 Kg7
76. Rb2 Ba7 77. Rb7 Ra4+ 78. Ke5 Ra5+ 79. Kd6 Ra6+ 80. Ke5 Ra5+ 81. Ke4
Ra4+ 82. Kf3 Ra3 83. Ne5 Rxe3+ 84. Kg4 Bd4 85. Nxf7 Kg6 86. Nd8 Re1 87. Nc6
Rg1+ 88. Kf3 Bc5 89. Ne5+ 1-0

[Event "24th Open"]
[Site "Pula CRO"]
[Date "2010.06.25"]
[Round "8"]
[White "Zelic,Ml"]
[Black "Berke,A"]
[Result "1/2-1/2"]
[WhiteElo "2309"]
[BlackElo "2140"]
[EventDate "2010.06.19"]

1. e4 c5 2. d4 cxd4 3. c3 Nf6 4. e5 Nd5 5. Nf3 Nc6 6. Bc4 e6 7. cxd4 d6 8.
O-O Be7 9. exd6 Qxd6 10. Nc3 O-O 11. Re1 Rd8 12. Ne4 Qc7 13. Bd3 b6 14.
Nfg5 Nf4 15. Bxf4 1/2-1/2

[Event "24th Open"]
[Site "Pula CRO"]
[Date "2010.06.25"]
[Round "8"]
[White "Wiedner,R"]
[Black "Fahrner,K"]
[Result "1/2-1/2"]
[WhiteElo "2197"]
[BlackElo "2302"]
[EventDate "2010.06.19"]

1. c4 g6 2. g3 Bg7 3. Bg2 e5 4. Nc3 d6 5. e3 f5 6. d4 e4 7. f3 exf3 8. Qxf3
Nf6 9. Nge2 O-O 10. O-O c6 11. Bd2 Nbd7 12. Nf4 Re8 13. Rae1 Nf8 14. b4 Ne6
15. Nh3 Nc7 16. Qe2 d5 17. b5 cxb5 18. cxd5 Ncxd5 19. Nxd5 Nxd5 20. Qxb5
Be6 21. Qxb7 Rb8 22. Qxa7 Ra8 23. Qc5 Rxa2 24. Rf2 Qd7 25. Nf4 Nxf4 26.
gxf4 Rc8 27. Qb4 Bf8 28. Qb1 Rcc2 29. Rd1 Rab2 30. Qa1 Ra2 31. Qb1 Rab2 32.
Qa1 Bc5 33. Be1 1/2-1/2

[Event "24th Open"]
[Site "Pula CRO"]
[Date "2010.06.25"]
[Round "8"]
[White "Ernst,M"]
[Black "Plenca,J"]
[Result "1/2-1/2"]
[WhiteElo "2150"]
[BlackElo "2286"]
[EventDate "2010.06.19"]

1. d4 d5 2. Bf4 c5 3. e3 Nc6 4. c3 Nf6 5. Nf3 Qb6 6. Qb3 c4 7. Qxb6 axb6 8.
Na3 Bf5 9. Nh4 Bd7 10. h3 h6 11. Bc7 Ra6 12. Be2 e6 13. Nc2 Ne4 14. Nf3 f6
15. Bh2 Na5 16. Nd2 Ba4 17. Bd1 Nxd2 18. Kxd2 b5 19. Nb4 Bxb4 20. cxb4 Bxd1
21. Raxd1 Nc6 22. a3 Kf7 23. Kc3 Rc8 24. f3 Ne7 25. Rhe1 Rcc6 26. Re2 Nc8
27. Bg3 Nb6 28. Be1 e5 29. Kc2 Ke6 30. e4 dxe4 31. Rxe4 Rd6 32. Bc3 Nd7 33.
dxe5 fxe5 34. Rde1 Rd5 35. f4 Rad6 36. R1e2 Kf7 37. Bxe5 Rg6 38. g4 Re6 39.
Bc3 Rxe4 40. Rxe4 h5 41. Rd4 Nf6 42. Rxd5 Nxd5 43. Bd2 Ke6 44. b3 hxg4 45.
hxg4 Nf6 46. bxc4 bxc4 47. Bc3 Nxg4 48. Bxg7 Ne3+ 49. Kd2 Nd5 50. Be5 Kf5
51. b5 Nxf4 52. Bxf4 Kxf4 53. Kc3 Ke5 54. Kxc4 Kd6 55. a4 1/2-1/2

[Event "24th Open"]
[Site "Pula CRO"]
[Date "2010.06.25"]
[Round "8"]
[White "Wegerer,F"]
[Black "Likavsky,T"]
[Result "0-1"]
[WhiteElo "2210"]
[BlackElo "2473"]
[EventDate "2010.06.19"]

1. Nf3 c5 2. c4 Nf6 3. Nc3 Nc6 4. g3 d5 5. cxd5 Nxd5 6. Bg2 Nc7 7. b3 e5 8.
Bb2 Be7 9. Rc1 f6 10. O-O Bg4 11. h3 Bh5 12. Nh4 Qd7 13. g4 Bf7 14. Nf5 Ne6
15. Na4 Rc8 16. Ba3 b6 17. e3 O-O 18. d4 exd4 19. Bxc6 Rxc6 20. exd4 Rd8
21. dxc5 Bf8 22. Qxd7 Rxd7 23. cxb6 Rxc1 24. Bxc1 g6 25. Ng3 Nd4 26. f3
axb6 27. Nxb6 Rc7 28. Bf4 Rc2 29. Rf2 Bc5 30. Be3 Rxf2 31. Kxf2 Bxb6 32.
Ne4 f5 33. gxf5 gxf5 34. Nd6 f4 35. Bxd4 Bxd4+ 36. Ke2 Be6 37. Kd3 Be5 38.
Nc4 Bf5+ 39. Kd2 Bd4 40. h4 Kf8 41. Nd6 Bd7 42. a4 Ke7 43. Ne4 Bc6 44. Kd3
Bb6 45. Nd2 Ke6 46. Nc4 Bd8 47. b4 Bxa4 48. Ke4 Bc7 49. Na5 Bc2+ 0-1

[Event "24th Open"]
[Site "Pula CRO"]
[Date "2010.06.25"]
[Round "8"]
[White "Kovacevic,Bl"]
[Black "Van Hoolandt,P"]
[Result "1-0"]
[WhiteElo "2471"]
[BlackElo "2202"]
[EventDate "2010.06.19"]

1. c4 e6 2. Nc3 d5 3. d4 Bb4 4. e3 Nf6 5. a3 Bxc3+ 6. bxc3 O-O 7. cxd5 exd5
8. Bd3 c5 9. Ne2 Re8 10. O-O Qa5 11. f3 Bd7 12. Bd2 c4 13. Bc2 Bc6 14. g4
Kh8 15. Ng3 Ng8 16. e4 f6 17. g5 Qd8 18. Bb1 Nd7 19. Ra2 fxg5 20. e5 Nf8
21. f4 gxf4 22. Bxf4 Bd7 23. Be3 Qh4 24. Nf5 Bxf5 25. Bxf5 Ne6 26. Rg2 Nh6
27. Bxe6 Rxe6 28. Qf3 Qd8 29. Bg5 Qe8 30. Bxh6 Rxh6 31. Qxd5 b5 32. Rgf2
Rg6+ 33. Kh1 h5 34. Rf5 Rg4 35. e6 Rd8 36. Qxd8 Qxd8 37. Rf8+ 1-0

[Event "24th Open"]
[Site "Pula CRO"]
[Date "2010.06.25"]
[Round "8"]
[White "Shalnev,N"]
[Black "Ascic,A"]
[Result "1/2-1/2"]
[WhiteElo "2450"]
[BlackElo "2192"]
[EventDate "2010.06.19"]

1. e4 e5 2. Nf3 Nc6 3. Bb5 a6 4. Ba4 Nf6 5. d3 d6 6. c3 b5 7. Bb3 Be7 8.
Nbd2 Na5 9. Bc2 c5 10. Nf1 Qc7 11. Ng3 Nc6 12. O-O O-O 13. h3 h6 14. Qe2
Be6 1/2-1/2

[Event "24th Open"]
[Site "Pula CRO"]
[Date "2010.06.25"]
[Round "8"]
[White "Nannelli,P"]
[Black "Franic,M"]
[Result "0-1"]
[WhiteElo "2207"]
[BlackElo "2390"]
[EventDate "2010.06.19"]

1. d4 e6 2. c4 Nf6 3. Nc3 Bb4 4. Qb3 a5 5. Nf3 O-O 6. Bg5 h6 7. Bh4 b6 8.
a3 a4 9. Qc2 Bxc3+ 10. bxc3 Bb7 11. Nd2 d6 12. e4 e5 13. f3 Re8 14. Be2 Nc6
15. d5 Nb8 16. Rb1 Nbd7 17. Rb4 Nc5 18. g4 Bc8 19. Nf1 Bd7 20. Rb1 g5 21.
Bf2 Nh7 22. Be3 Nf8 23. h4 Ng6 24. hxg5 hxg5 25. Rh5 Nf4 26. Ng3 Nxh5 27.
Nxh5 f6 28. Kf2 Kf7 29. Kg2 Rh8 30. Rf1 Ke7 31. Qc1 Qg8 32. Rh1 Nb3 33. Qg1
Rh6 34. Bf1 Qg6 35. Ng3 Rah8 36. Rh5 Rxh5 37. gxh5 Rxh5 38. Bxb6 cxb6 39.
Qxb6 g4 40. fxg4 Qxg4 0-1

[Event "24th Open"]
[Site "Pula CRO"]
[Date "2010.06.25"]
[Round "8"]
[White "Bukal,V jr"]
[Black "Pfaffel,T"]
[Result "1-0"]
[WhiteElo "2388"]
[BlackElo "2189"]
[EventDate "2010.06.19"]

1. d4 e6 2. c4 Nf6 3. Nc3 Bb4 4. g3 d5 5. Bg2 O-O 6. Nf3 Nc6 7. a3 Be7 8.
cxd5 exd5 9. Ne5 Nb8 10. O-O c6 11. b4 a6 12. Bb2 Bf5 13. Qb3 Nbd7 14. a4
Qb6 15. b5 Nxe5 16. dxe5 Nd7 17. a5 Qc7 18. b6 Qd8 19. Na4 Re8 20. Rfd1 Bf8
21. e4 dxe4 22. Rd4 Qg5 23. Bxe4 Nc5 24. Nxc5 Bxc5 25. h4 Qe7 26. Bxf5 Bxd4
27. Bxd4 Rad8 28. Bc3 Rd5 29. Rd1 g6 30. Rxd5 cxd5 31. Bh3 Qc5 32. Qb4 Qxb4
33. Bxb4 Rxe5 34. Bc8 d4 35. Bxb7 Rb5 36. Bd2 Rb2 37. Bf4 d3 38. Bxa6 d2
39. Be2 1-0

[Event "24th Open"]
[Site "Pula CRO"]
[Date "2010.06.25"]
[Round "8"]
[White "Pelagatti,A"]
[Black "Balazs,G2"]
[Result "1/2-1/2"]
[WhiteElo "2194"]
[BlackElo "2352"]
[EventDate "2010.06.19"]

1. d4 d5 2. Nf3 Nf6 3. c4 c6 4. Qc2 dxc4 5. e4 b5 6. b3 cxb3 7. axb3 e6 8.
Bd2 Be7 9. Bd3 h6 10. Ba5 Qd7 11. b4 O-O 12. Nbd2 Qb7 13. O-O Bd7 14. Nb3
Na6 15. Nc5 Nxc5 16. dxc5 Bd8 17. Qc3 Bc7 18. Bc2 Rad8 19. e5 Nd5 20. Qd3
g6 21. Qe4 Bc8 22. h4 h5 23. Kh1 Ne7 24. g4 hxg4 25. Qxg4 Rd5 26. Bxc7 Qxc7
27. Be4 Rd7 28. Qg5 Kh7 29. Qf6 Nd5 30. Ng5+ Kg8 31. Bxd5 Rxd5 32. Rae1 Qd8
33. Ne4 Qxf6 34. Nxf6+ Kg7 35. Nxd5 exd5 1/2-1/2

[Event "24th Open"]
[Site "Pula CRO"]
[Date "2010.06.25"]
[Round "8"]
[White "Orak,L"]
[Black "Radovic,St"]
[Result "1/2-1/2"]
[WhiteElo "2343"]
[BlackElo "2161"]
[EventDate "2010.06.19"]

1. e4 c5 2. Nf3 g6 3. d4 cxd4 4. Nxd4 Nc6 5. Nc3 Bg7 6. Be3 Nf6 7. Bc4 O-O
8. Bb3 d6 9. h3 Bd7 10. O-O Qa5 11. Re1 Nxd4 12. Bxd4 Bc6 13. Nd5 Bxd5 14.
exd5 Rfe8 15. c4 Kf8 16. Rc1 Rac8 17. Rc3 a6 18. Qe2 Ng8 19. Bxg7+ Kxg7 20.
h4 e5 21. dxe6 Rxe6 22. Qd1 Rxe1+ 23. Qxe1 Nf6 24. Re3 Qc5 25. Qc3 Rc7 26.
Kf1 h5 27. Rf3 Qe5 28. Qxe5 dxe5 29. Rd3 Ne4 30. Ke2 Nc5 31. Rd5 Nxb3 32.
axb3 Kf6 33. Rd6+ Kf5 34. Ke3 f6 35. g3 Rc6 36. Rd7 Rb6 37. Rd3 g5 38. f3
gxh4 39. gxh4 Ke6 40. Rc3 Kf5 41. Rd3 Ke6 42. Rc3 f5 43. c5 Rb4 44. Rd3
Rxh4 45. Rd6+ Ke7 46. Rb6 Kd7 47. Rxb7+ Kc6 48. Re7 e4 49. Rf7 exf3 50.
Rxf5 Rb4 51. Rf6+ Kxc5 52. Rxa6 Rxb3+ 53. Kf2 Kd4 54. Ra4+ Ke5 55. Rh4
1/2-1/2

[Event "24th Open"]
[Site "Pula CRO"]
[Date "2010.06.25"]
[Round "8"]
[White "Liedl,W"]
[Black "Lizak,P"]
[Result "0-1"]
[WhiteElo "2189"]
[BlackElo "2335"]
[EventDate "2010.06.19"]

1. d4 Nf6 2. c4 c5 3. d5 b5 4. cxb5 a6 5. bxa6 g6 6. Nc3 Bxa6 7. Nf3 d6 8.
g3 Bg7 9. Bg2 Nbd7 10. Rb1 Nb6 11. b3 Bb7 12. Nh4 O-O 13. O-O Ne8 14. Bb2
Nc7 15. Qd2 Qd7 16. f4 Na6 17. a3 Rfb8 18. f5 Rf8 19. Be4 Qe8 20. fxg6 hxg6
21. Qg5 f6 22. Qxg6 Qxg6 23. Nxg6 Rfe8 24. Nf4 Nc7 25. Bf5 Bc8 26. e4 Bh6
27. Bxc8 Rexc8 28. Bc1 Kf7 29. Rf2 Rcb8 30. Kg2 Bxf4 31. Rxf4 Nd7 32. Rf2
Ne5 33. a4 Rb7 34. Ba3 Rab8 35. Rfb2 Nd3 36. Rd2 Ne5 37. Ne2 Nc4 38. Ra2
Rxb3 39. Rxb3 Rxb3 40. Bc1 f5 41. Rc2 Rb4 42. exf5 Rxa4 43. Nf4 Nb6 44. Rd2
Ra1 45. Bb2 Ra2 46. g4 Nc4 47. Re2 Rxb2 48. Rxb2 Nxb2 49. g5 Nc4 50. Kf3
Nd2+ 51. Kg4 c4 52. g6+ Kg8 53. Kg3 c3 54. Kf2 c2 55. Nd3 Nxd5 56. h4 Nb3
57. h5 Nb4 0-1

[Event "24th Open"]
[Site "Pula CRO"]
[Date "2010.06.25"]
[Round "8"]
[White "Hess,C1"]
[Black "Havas,Ja"]
[Result "1/2-1/2"]
[WhiteElo "2303"]
[BlackElo "2103"]
[EventDate "2010.06.19"]

1. c4 Nf6 2. Nc3 g6 3. g3 Bg7 4. Bg2 O-O 5. e4 d6 6. Nge2 c5 7. O-O Nc6 8.
d3 Rb8 9. h3 a6 10. a4 Ne8 11. Be3 Nc7 12. d4 cxd4 13. Nxd4 Ne6 14. Nde2
Nc5 15. Rb1 a5 16. b3 Be6 17. Qd2 Ne5 18. Nd4 Qc8 19. Nd5 Bxd5 20. exd5 Qd8
21. Bh6 Bxh6 22. Qxh6 Qb6 23. Nb5 Rbe8 24. Rfe1 f5 25. Qe3 f4 26. Qd4 f3
1/2-1/2

[Event "24th Open"]
[Site "Pula CRO"]
[Date "2010.06.26"]
[Round "9"]
[White "Zelcic,R"]
[Black "Cvitan,O"]
[Result "1/2-1/2"]
[WhiteElo "2538"]
[BlackElo "2521"]
[EventDate "2010.06.19"]

1. e4 c6 2. d4 d5 3. Nc3 dxe4 4. Nxe4 Bf5 5. Ng3 Bg6 6. Nf3 Nd7 7. Bd3 Bxd3
8. Qxd3 e6 9. O-O Ngf6 10. Bf4 Be7 11. Rad1 O-O 1/2-1/2

[Event "24th Open"]
[Site "Pula CRO"]
[Date "2010.06.26"]
[Round "9"]
[White "Saric,Iv"]
[Black "Drazic,S"]
[Result "0-1"]
[WhiteElo "2580"]
[BlackElo "2531"]
[EventDate "2010.06.19"]

1. e4 d5 2. exd5 Qxd5 3. Nc3 Qd6 4. d4 Nf6 5. Nf3 c6 6. Ne5 Nbd7 7. Nc4 Qc7
8. Qf3 Nb6 9. Bf4 Qd8 10. Be5 Be6 11. Ne3 Nfd7 12. Bg3 Nf6 13. O-O-O a6 14.
Kb1 Nbd5 15. Ncxd5 Bxd5 16. Qe2 e6 17. f3 b5 18. h4 Be7 19. h5 O-O 20. Bh4
Nd7 21. Qf2 Nb6 22. Bd3 h6 23. Ng4 Bxh4 24. Rxh4 Kh8 25. Ne5 Nd7 26. Rg4
Nf6 27. Rf4 Kg8 28. Rh1 Ra7 29. c3 Rc7 30. Ka1 Nd7 31. Bb1 f5 32. Ng6 Rf6
33. g4 fxg4 34. Qc2 Nf8 35. Rxf6 Qxf6 36. Ne5 gxf3 37. Rf1 c5 38. Qd3 cxd4
39. cxd4 Qf4 40. Ng6 Nxg6 41. Qxg6 Kf8 42. Qh7 Qxd4 43. Qh8+ Ke7 44. Bg6
Qf6 45. Qb8 Qf4 46. Qe8+ Kd6 47. Kb1 f2 48. Qd8+ Kc6 49. Qb8 Be4+ 50. Ka1
Bxg6 51. hxg6 Qd2 52. Rb1 Kd7 53. Qf8 Rc1 54. Qf7+ Kd8 55. Qf8+ Kc7 56.
Qe7+ Kb8 57. Qe8+ Kb7 58. Qf7+ Rc7 59. Qf3+ Kb6 60. Qh3 Qe1 61. a4 Rc4 62.
b3 Qe5+ 63. Ka2 Rc2+ 0-1

[Event "24th Open"]
[Site "Pula CRO"]
[Date "2010.06.26"]
[Round "9"]
[White "Martinovic,Sa"]
[Black "Kuljasevic,D"]
[Result "1/2-1/2"]
[WhiteElo "2515"]
[BlackElo "2539"]
[EventDate "2010.06.19"]

1. d4 Nf6 2. c4 g6 3. Nc3 d5 4. cxd5 Nxd5 5. e4 Nxc3 6. bxc3 Bg7 7. Nf3 c5
8. Rb1 O-O 9. Be2 cxd4 10. cxd4 Qa5+ 11. Bd2 Qxa2 12. O-O Bg4 13. Bg5 h6
14. Be3 Nc6 15. d5 Bxf3 16. Bxf3 Ne5 17. Rxb7 a5 18. Rxe7 a4 19. Bd4 Nxf3+
20. gxf3 a3 21. d6 Bxd4 22. Qxd4 Qe2 23. Kg2 a2 24. Ra1 Ra3 25. Qf6 Rd3 26.
d7 Rd2 27. Qb6 Rd1 28. Re8 Qf1+ 29. Kg3 Qg1+ 30. Kh3 1/2-1/2

[Event "24th Open"]
[Site "Pula CRO"]
[Date "2010.06.26"]
[Round "9"]
[White "Felgaer,R"]
[Black "Stokke,K"]
[Result "1-0"]
[WhiteElo "2585"]
[BlackElo "2399"]
[EventDate "2010.06.19"]

1. e4 c5 2. Nf3 g6 3. d4 cxd4 4. Nxd4 Bg7 5. c4 Nc6 6. Be3 Nf6 7. Nc3 Ng4
8. Qxg4 Nxd4 9. Qd1 e5 10. Bd3 O-O 11. O-O d6 12. Rc1 Be6 13. Qd2 Rc8 14.
b3 a6 15. Rfd1 Qa5 16. Qb2 f5 17. exf5 gxf5 18. Bxd4 exd4 19. Ne2 Qe5 20.
Re1 Bd7 21. Ng3 Qf6 22. Nh5 Qg5 23. Nxg7 Qxg7 24. Bf1 Rce8 25. Rxe8 Rxe8
26. Rd1 Re4 27. f3 Rf4 28. Qf2 Bc6 29. Qg3 1-0

[Event "24th Open"]
[Site "Pula CRO"]
[Date "2010.06.26"]
[Round "9"]
[White "Biti,O"]
[Black "Kovacevic,A"]
[Result "0-1"]
[WhiteElo "2376"]
[BlackElo "2573"]
[EventDate "2010.06.19"]

1. e4 c5 2. d3 Nc6 3. f4 g6 4. Nf3 Bg7 5. Be2 Nf6 6. O-O O-O 7. Qe1 d5 8.
e5 Ne8 9. c4 Nb4 10. Na3 Bf5 11. Qd1 Nc7 12. Be3 d4 13. Bc1 f6 14. exf6
Bxf6 15. Nc2 Nc6 16. Bd2 e5 17. fxe5 Nxe5 18. Nxe5 Bxe5 19. g3 Qd6 20. Ne1
Bh3 21. Ng2 Rxf1+ 22. Bxf1 Bd7 23. Bh6 Ne8 24. Qd2 Nf6 25. Re1 Ng4 26. Bf4
Rf8 27. Bxe5 Nxe5 28. Nh4 Bc6 29. Qg5 Re8 30. Nf5 Nf3+ 31. Kf2 Rxe1 32.
Nxd6 Rxf1+ 0-1

[Event "24th Open"]
[Site "Pula CRO"]
[Date "2010.06.26"]
[Round "9"]
[White "Fercec,N"]
[Black "Guenthner,O"]
[Result "1-0"]
[WhiteElo "2492"]
[BlackElo "2270"]
[EventDate "2010.06.19"]

1. e4 c5 2. Nf3 d6 3. d4 cxd4 4. Nxd4 Nf6 5. Nc3 a6 6. Bg5 Nbd7 7. Qe2 e5
8. Nf5 h6 9. Bh4 g6 10. Ne3 Be7 11. O-O-O b5 12. f3 Bb7 13. Bf2 Qa5 14. Kb1
Rc8 15. Be1 Qc7 16. a3 Nb6 17. g4 Nfd7 18. h4 Nc5 19. Rh2 Ne6 20. Qf2 Nf4
21. h5 Kf8 22. hxg6 fxg6 23. Ng2 Nxg2 24. Qxg2 Nc4 25. Bxc4 Qxc4 26. Nd5
Bxd5 27. Rxd5 g5 28. Bb4 Qc6 29. Qd2 Rd8 30. Rxe5 1-0

[Event "24th Open"]
[Site "Pula CRO"]
[Date "2010.06.26"]
[Round "9"]
[White "Rukavina,J"]
[Black "Saric,A"]
[Result "1-0"]
[WhiteElo "2397"]
[BlackElo "2489"]
[EventDate "2010.06.19"]

1. Nf3 Nf6 2. g3 g6 3. b3 Bg7 4. Bb2 d6 5. Bg2 e5 6. O-O O-O 7. c4 c6 8. d3
Ne8 9. Nc3 f5 10. b4 g5 11. Nd2 a6 12. Nb3 Be6 13. a4 Nd7 14. b5 Rc8 15.
Qd2 g4 16. Rfb1 h5 17. bxc6 bxc6 18. Na2 f4 19. gxf4 exf4 20. Nd4 Bxd4 21.
Bxd4 c5 22. Bb2 Ne5 23. Bxe5 dxe5 24. Qb2 Qg5 25. Nc3 Nf6 26. Qc1 Qh4 27.
Qe1 Rf7 28. Rb6 Re8 29. Ne4 f3 30. Nd6 fxg2 31. Nxe8 Nxe8 32. Rxe6 Ng7 33.
Rg6 Kh7 34. Rxg7+ Kxg7 35. Kxg2 Qf6 36. a5 e4 37. dxe4 Qd4 38. Rc1 Qxe4+
39. Kg1 Rb7 40. Qc3+ Kg6 41. Qd2 Re7 42. e3 Qf5 43. Qd5 Rd7 44. Qc6+ Kg5
45. e4 Qf4 46. Qxc5+ Kh4 47. Qe3 Qxe3 48. fxe3 Rc7 49. c5 Rc6 50. Kg2 Kg5
51. Rd1 Re6 52. Rd5+ Kh4 53. Rd4 Rc6 54. Rc4 Kg5 55. h3 h4 56. hxg4 Kxg4
57. e5+ Kf5 58. Kh3 Kxe5 59. Kxh4 Kd5 60. Rc3 Rc8 61. c6 Kd6 62. c7 Kd7 63.
Kg5 Rg8+ 64. Kf6 Kc8 65. e4 Rg1 66. e5 Rf1+ 67. Ke7 Rf5 68. Kd6 Rf1 69. Rc5
Rd1+ 70. Rd5 Rc1 71. e6 Rc6+ 72. Ke5 Kxc7 73. Rd7+ Kc8 74. Rd6 Rc1 75. e7
Kc7 76. Rd8 Re1+ 77. Kf6 1-0

[Event "24th Open"]
[Site "Pula CRO"]
[Date "2010.06.26"]
[Round "9"]
[White "Likavsky,T"]
[Black "Bajramovic,H"]
[Result "1-0"]
[WhiteElo "2473"]
[BlackElo "2211"]
[EventDate "2010.06.19"]

1. d4 Nf6 2. c4 d6 3. Nf3 g6 4. Nc3 Bg7 5. e4 O-O 6. Be2 c6 7. Be3 Nbd7 8.
Nd2 e5 9. d5 c5 10. g4 Ne8 11. h4 f5 12. gxf5 gxf5 13. exf5 Rxf5 14. Nde4
Nf8 15. h5 Rf7 16. Qd2 a6 17. O-O-O Bf5 18. Rdg1 Kh8 19. Ng3 Bd7 20. Nce4
b5 21. Bg5 Qb6 22. h6 Bf6 23. Nh5 Bd8 24. Bxd8 Rxd8 25. Rg7 Rf5 26. Bg4
Rxh5 27. Bxh5 Bf5 28. Bxe8 Bxe4 29. Qg5 1-0

[Event "24th Open"]
[Site "Pula CRO"]
[Date "2010.06.26"]
[Round "9"]
[White "Fahrner,K"]
[Black "Kovacevic,Bl"]
[Result "1/2-1/2"]
[WhiteElo "2302"]
[BlackElo "2471"]
[EventDate "2010.06.19"]

1. c4 e5 2. g3 Nc6 3. Bg2 Bc5 4. Nc3 a6 5. e3 d6 6. Nge2 Nge7 7. b3 Ba7 8.
d4 exd4 9. Nxd4 Nxd4 10. exd4 O-O 11. O-O Nf5 12. Ne2 Rb8 13. Bb2 Bd7 14.
Qd2 Qf6 15. Rad1 Qh6 16. Nf4 Rfe8 17. Rfe1 c6 18. d5 c5 19. Rxe8+ Rxe8 20.
Re1 Rxe1+ 21. Qxe1 Qg5 22. Bh3 Qd8 23. Qe4 Nd4 24. Bxd7 Qxd7 25. Bxd4 cxd4
26. Ne2 g6 27. Nxd4 Qd8 28. Nf3 Qf6 29. Qe2 b5 30. h4 bxc4 31. bxc4 a5 32.
Kg2 Kg7 33. Qc2 Bc5 34. Ng5 Qd4 35. Ne4 Bb4 36. Ng5 h6 37. Nf3 Qf6 38. Nh2
Qd4 39. Nf3 Qf6 40. Ng1 Bc5 41. Nh3 Qd4 42. Nf4 a4 43. Nd3 a3 44. Nxc5 dxc5
45. Qe2 Qb2 46. Qe7 Qxa2 47. Qxc5 Qb2 48. d6 a2 49. d7 Qb7+ 50. Qd5 Qxd5+
51. cxd5 a1=Q 52. d8=Q Qd4 53. d6 Qd5+ 54. Kg1 Qd1+ 55. Kh2 Qd4 56. Kg2
Qe4+ 57. Kh2 Qd4 58. Kg1 Qd1+ 59. Kg2 Qd5+ 60. Kg1 1/2-1/2